Paroles Sombr-Back to friends - Statistiques

Statistiques générales
  • Ce quiz a été pris 23 fois
  • Le résultat moyen est 139 sur 187
Statistiques - réponses
Réponse % Correct
a
100%
back
100%
bed?
100%
friends
100%
to
100%
we
100%
can
94%
go
94%
I
94%
shared
94%
and
88%
being
88%
How
88%
just
88%
me
88%
When
88%
you
88%
You
88%
at
82%
I'm
82%
look
82%
never
82%
pretend
82%
someone
82%
met?
76%
met
76%
my
76%
your
65%
you've
65%
You've
65%
didn't
59%
in
59%
scared
59%
the
59%
The
59%
want
59%
eyes
53%
head
53%
move
53%
on
53%
still
53%
take
53%
was
53%
breath
47%
chest
47%
layin'
47%
remember
47%
were
47%
body
41%
tender
41%
Touch
41%
devil
35%
It
35%
last
35%
let
35%
see
35%
'Cause
29%
December
29%
down
29%
feeling
29%
holding
29%
is
29%
lies
29%
looking
29%
makes
29%
this
29%
too
29%
weak
29%
while
29%
While
29%
Won't
29%
you're
29%
casual
24%
covers
24%
deny
24%
Kicking
24%
sold
24%
ceiling
18%
off
18%
tight
18%
Aucun quiz correspondant
Distribution des résultats
% des personnes avec chaque résultat
Percentile par nombre de réponses
Votre historique - résultats
Vous n’avez pas pris ce quiz